header

Sidney Pollard (Record no. 1041)

MARC details
000 -LEADER
fixed length control field 01401nam a2200361 a 4500
082 04 - DEWEY DECIMAL CLASSIFICATION NUMBER
Classification number 940.2/072/02
100 1# - MAIN ENTRY--AUTHOR NAME
Personal name Renton, Dave,
245 10 - TITLE STATEMENT
Title Sidney Pollard
260 ## - PUBLICATION, DISTRIBUTION, ETC. (IMPRINT)
Place of publication London ;
-- New York :
Name of publisher Tauris Academic Studies,
Year of publication 2004.
300 ## - PHYSICAL DESCRIPTION
Number of Pages ix, 214 p.
490 1# - SERIES STATEMENT
Series statement International library of twentieth century history ;
650 #0 - SUBJECT ADDED ENTRY--TOPICAL TERM
Topical Term Historians
856 40 - ELECTRONIC LOCATION AND ACCESS
Uniform Resource Identifier http://site.ebrary.com/lib/rucke/Doc?id=10713136

No items available.

© 2026 Rongo University
Contact us: librarian | system librarian | Rongo university